Using statistics in economics

The primary aim of this book is to provide a text for economics students, which gives a good balance between statistics and econometrics. The intention is to prepare students for an introductory course in econometrics, while instilling a clear understanding of statistics. It is suitable for first or...

全面介绍

Đã lưu trong:
书目详细资料
主要作者: Thomas, R. Leighton
格式: 图书
语言:Undetermined
出版: London, Eng. McGraw-Hill 2005
主题:
标签: 添加标签
没有标签, 成为第一个标记此记录!
Thư viện lưu trữ: Trung tâm Học liệu Trường Đại học Cần Thơ
LEADER 01096nam a2200217Ia 4500
001 CTU_112737
008 210402s9999 xx 000 0 und d
020 |c 958900 
082 |a 519.502433 
082 |b T462 
100 |a Thomas, R. Leighton 
245 0 |a Using statistics in economics 
245 0 |c R. Leighton Thomas 
260 |a London, Eng. 
260 |b McGraw-Hill 
260 |c 2005 
520 |a The primary aim of this book is to provide a text for economics students, which gives a good balance between statistics and econometrics. The intention is to prepare students for an introductory course in econometrics, while instilling a clear understanding of statistics. It is suitable for first or second year courses in Introductory Statistics or Introductory Statistics and Econometrics on economics degrees. The book is characterized by Leighton Thomas' clear style of explanation, gained through 35 years of teaching experience. 
650 |a Economic surveys,Statistics 
650 |x Methodology 
904 |i Minh 
980 |a Trung tâm Học liệu Trường Đại học Cần Thơ